000 00771nam a2200265Ia 4500
001 dia_93
003 CHAP
005 20221207114033.0
008 220117s1988 xx 000 0 und d
010 _a170524
020 _a0-913250-50-3
040 _cCHAP
082 _a633.1 F3
100 _aFabriani, Giuseppe
_9147169
245 _aDurum wheat : chemistry and technology /
_c Giuseppe Fabriani y Claudia Lintas
260 _aSt. Paul, Minnesota, USA :
_b American Association Of Cereal Chemists,
_c1988
300 _a332 p
500 _aI. 209969
650 _aTrigo
_9114954
650 _aTrigo
_xQuĂ­mica
_9147170
901 _a633.1 F3
902 _aM
905 _a0000001988 enk 0000000000eng00
942 _cLIBRO
_2ddc
999 _c170524
_d170524